000 00711nam a2200253Ia 4500
003 OSt
005 20221005090448.0
006 a|||||r|||| 00| 0
007 ta
008 221004b |||||||| |||| 00| 0 eng d
024 _a28214
037 _cTextual
040 _aCRL
_cCRL
_beng
041 _2eng
_aeng
082 _aD65,8(B):8,d, M5
100 _aGraff Martin
_9615309
245 0 _aOrganization and management of a computer centre
260 _aNew York
_bMacmillan USA
_c1985
300 _a396p
_ccm.
650 _aENGINEERING
700 _a Greiller Reinald
_9615310
942 _hD65,8(B):8,d, M5
_cTEXL
_2cc
999 _c995823
_d995823